Stověžatá Praha : věž Jindřišská : věž ve věži : 655 let po založení Nového Města pražského /

Hlavní autor: Podzimek, Josef, 1937-
Jazyk: Čeština
Vydáno: Praha : Jindřišská věž, 2003
Vydání: Vyd. 1.
Témata:
Fyzický popis: 214 s. : barev. il., barev. mapy, plány ; 32 cm
Knihy
Uloženo v:
LEADER 01336nam a2200373 a 4500
001 000680477
003 CZ BrMZK
005 20100709083436.0
007 ta
008 030804s2003 xr abe e 000 0 cze d
015 |a cnb001243970 
020 |a 80-239-0395-0  |q (váz.) 
035 |a (OCoLC)53860597 
040 |a BOA001  |b cze 
043 |a e-xr---  |b e-xr-pg  |2 czenas 
072 7 |a 72  |x Architektura  |2 Konspekt  |9 21 
080 |a 725/726.012.28  |2 MRF 
080 |a (437.311)  |2 MRF 
080 |a (048.8)  |2 MRF 
080 |a (084.11)  |2 MRF 
100 1 |a Podzimek, Josef,  |d 1937-  |7 xx0011432  |4 aut 
245 1 0 |a Stověžatá Praha :  |b věž Jindřišská : věž ve věži : 655 let po založení Nového Města pražského /  |c Josef Podzimek a kolektiv 
250 |a Vyd. 1. 
260 |a Praha :  |b Jindřišská věž,  |c 2003 
300 |a 214 s. :  |b barev. il., barev. mapy, plány ;  |c 32 cm 
504 |a Obsahuje bibliografii 
650 0 7 |a věže  |7 ph206864  |z Česko  |2 czenas 
650 0 7 |a Jindřišská věž (Praha, Česko)  |7 ph206863  |2 czenas 
655 7 |a monografie  |7 fd132842  |2 czenas 
655 7 |a obrazové publikace  |7 fd132947  |2 czenas 
651 7 |a Praha (Česko)  |7 ge118011  |2 czenas 
910 |a BOA001  |b 4-1122.431 
990 |a BK 
996 6 |b 2610196453  |c 4-1122.431  |l MZK  |r Sklad / do 1 hodiny  |n 0  |p p.v.  |w 000680477  |u 000010  |a 1  |e BOA001  |j MZK50  |s P